000 00879nam a2200277 i 4500
003 EG-GICUC
005 20260127140741.0
008 260127s1910 -ukab||fr|||| 001 0 eng d
040 _aEG-GiCUC
_beng
_cEG-GiCUC
_dEG-GiCUC
_erda
041 0 _aeng
082 0 4 _221
_a341.9
_bMA . P
092 0 4 _221
099 _aLaw1 12 341.9 MA . P 1910
100 1 _aMacdonald, J. N
_eAuthor.
245 1 4 _aA Political Escapade :
_bThe Story Of Fiume And D'annunzio /
_cBy J. N. Macdonald, O.s.b.
264 _aLondon :
_bJohn Murray,,
_c1910.
300 _a176 page :
_billustrations,
_c24 cm.
336 _2rda content
_atext
337 _2rda media
_aComputer
338 _2rda carrier
_aOnline Resource
546 _aText in English
650 1 4 _aPrivate international law
856 4 0 _uhttps://fll.law.cu.edu.eg/fulltext/bks/B12-02067.pdf
905 _a48
942 _2ddc
_cBK
_e21
_n0
999 _c59590
_d59590